Science Quiz

Random Science or Math Quiz
Score 0/28 Timer 02:00
3 Plays Today
Key Number % Correct
Enter 11
99.7%
Equals 0 + 11
99.7%
Enter 00
99.5%
Sum of last two numbers2
99.2%
Sum of last two numbers3
99%
Sum of last two numbers5
98.9%
Sum of last two numbers8
98.7%
Sum of last two numbers13
98.3%
Sum of last two numbers21
97.8%
Sum of last two numbers34
97.1%
Sum of last two numbers55
96.5%
Sum of last two numbers89
96%
Sum of last two numbers144
92%
Sum of last two numbers233
87%
Key Number % Correct
Sum of last two numbers377
85.6%
Sum of last two numbers610
82.5%
Sum of last two numbers987
81.3%
Sum of last two numbers1597
78%
Sum of last two numbers2584
63.7%
Sum of last two numbers4181
51.3%
Sum of last two numbers6765
43.3%
Sum of last two numbers10946
33.8%
Sum of last two numbers17711
23.3%
Sum of last two numbers28657
17.5%
Sum of last two numbers46368
12.3%
Sum of last two numbers75025
7.7%
Sum of last two numbers121393
5.2%
Sum of last two numbers196418
3.7%
Come Together.
Have Fun.
All Virtual.
We all need to come together. Play Sporcle's virtual live trivia to have fun, connect with people, and get your trivia on. Join a live hosted trivia game for your favorite pub trivia experience done virtually. If a virtual private party is more your thing, go here for details.

You're not logged in!

Compare scores with friends on all Sporcle quizzes.
OR
Log In

Sporcle TV

Today on Sporcle TV


Watch our educational content, quiz creation guides, and fun videos on Sporcle TV.

Show Comments

Extras

Top Quizzes Today


Score Distribution

Paid Content

Your Account Isn't Verified!

In order to create a playlist on Sporcle, you need to verify the email address you used during registration. Go to your Sporcle Settings to finish the process.

Report this User

Report this user for behavior that violates our Community Guidelines.

Details: